| 000 | 01284cam a2200133 4500500 | ||
|---|---|---|---|
| 005 | 20260405065358.0 | ||
| 041 | _afre | ||
| 042 | _adc | ||
| 100 | 1 | 0 |
_aLecuppre, Gilles _eauthor |
| 245 | 0 | 0 | _aL'imposture politique au Moyen Âge : La seconde vie des rois |
| 260 |
_bPresses Universitaires de France,
_c2005. |
||
| 520 | _aA la fin du Moyen Âge, l’imposture se révèle un moyen d’opposition presque banalisé. Ainsi, entre autres, de faux pèlerins ou autres mystiques tentent de s’emparer de la couronne royale en se faisant passer pour un roi mort ou disparu. De telles tromperies sont facilitées par certaines particularités de la civilisation médiévale(érémitisme, croisades et guerres éloignées, défaillance de la mémoire humaine) et reposent aussi sur de nombreux partis intrigants et complots exprimant une contestation radicale du souverain légitime qui doit alors relever ce défi redoutable et asseoir son autorité. Ce champ de recheche est inédit dans l’histoire politique et sociale du Moyen Âge et l’auteur associe d’une manière passionnante ces multiples mystifications et leur interprétation historique. | ||
| 856 | 4 | 1 | _uhttps://shs.cairn.info/l-imposture-politique-au-moyen-age--9782130545613?lang=fr&redirect-ssocas=7080 |
| 999 |
_c2195470 _d2195470 |
||